ბათუმის შოთა რუსთაველის სახელმწიფო უნივერსიტეტის ბიბლიოთეკა

Best practices in engaging online learners through active and experiential learning strategies / (ბიბ.ჩანაწერი № 58242)

000 -LEADER
fixed length control field 01198cam a2200229 i 4500
001 - CONTROL NUMBER
control field 19206130
005 - DATE AND TIME OF LATEST TRANSACTION
control field 20221108163035.0
008 - FIXED-LENGTH DATA ELEMENTS--GENERAL INFORMATION
fixed length control field 160804s2017 nyua b 001 0 eng
020 ## - INTERNATIONAL STANDARD BOOK NUMBER
International Standard Book Number 9781138670686x
041 ## - LANGUAGE CODE
Language code of text/sound track or separate title eng
080 ## - UNIVERSAL DECIMAL CLASSIFICATION NUMBER
Universal Decimal Classification number 371.33 B-94
100 1# - MAIN ENTRY--PERSONAL NAME
Personal name Budhai, Stephanie Smith
9 (RLIN) 12581
245 10 - TITLE STATEMENT
Title Best practices in engaging online learners through active and experiential learning strategies /
Statement of responsibility, etc. Stephanie Smith Budhai and Ke'Anna Brown Skipwith.
264 #1 - PRODUCTION, PUBLICATION, DISTRIBUTION, MANUFACTURE, AND COPYRIGHT NOTICE
Place of production, publication, distribution, manufacture New York ;
Name of producer, publisher, distributor, manufacturer Routledge, Taylor & Francis Group,
Date of production, publication, distribution, manufacture, or copyright notice 2017.
300 ## - PHYSICAL DESCRIPTION
Extent 99 pages :
Other physical details illustrations ;
Dimensions 24 cm.
653 ## - INDEX TERM--UNCONTROLLED
keyword ვებ დაფუძნებული ინსტრუქცია
653 ## - INDEX TERM--UNCONTROLLED
keyword აქტიური სწავლა
653 ## - INDEX TERM--UNCONTROLLED
keyword ინტერნეტი განათლებაში
653 ## - INDEX TERM--UNCONTROLLED
keyword საუკეთესო პრაქტიკა ონლაინ მოსწავლეთა ჩართვის აქტიური და ექსპერიმენტული სწავლების სტრატეგიების საშუალებით
700 1# - ADDED ENTRY--PERSONAL NAME
Personal name Skipwith, Ke'Anna Brown
Relator term ავტორი
9 (RLIN) 12582
942 ## - ADDED ENTRY ELEMENTS (KOHA)
Source of classification or shelving scheme
Koha item type წიგნი
ეგზემპლარები
Withdrawn status Lost status Source of classification or shelving scheme Damaged status Not for loan Permanent Location Current Location Shelving location Date acquired Cost, normal purchase price Full call number Barcode Date last seen Copy number Price effective from Koha item type Public note
          ბათუმის შოთა რუსთაველის სახელმწიფო უნივერსიტეტის მთავარი ბიბლიოთეკა ბათუმის შოთა რუსთაველის სახელმწიფო უნივერსიტეტის მთავარი ბიბლიოთეკა წიგნსაცავი 2021-10-05 96.00 371.33 B-94 61792 2021-10-05 61792 2021-10-05 წიგნი 96 ლ.
          ბათუმის შოთა რუსთაველის სახელმწიფო უნივერსიტეტის მთავარი ბიბლიოთეკა ბათუმის შოთა რუსთაველის სახელმწიფო უნივერსიტეტის მთავარი ბიბლიოთეკა წიგნსაცავი 2021-10-05 96.00 371.33 B-94 61793 2021-10-05 61793 2021-10-05 წიგნი 96 ლ.